01193cam a2200253 a 450000500170000000800410001702000180005804000480007604100080012424502090013226001050034130000540044649000480050061000640054865000300061265100530064265100310069565100490072665100350077570000350081070000350084570000290088070000300090920140903175032.0140217s2010 ck ad frn 000 0 spa d a9789587200591 aCO-BoUCMbspacRoberto BurgosdHenry Ríos0 aspa00aBeneficios y retos de Colombia en APECcinvestigador principal Adriana Roldán Pérez; asistentes de investigación Camilo Pérez Restrepo, Jairo Alberto Jiménez Vivas, María del Mar Garza Agudelo aMedellínbFondo Editorial Universidad EAFITbMinisterio de Relaciones Exteriores de Colombiac2010 a297 páginasbilustraciones, gráficas y tablas 0aColección académica (Universidad EAFIT)24aForo de Cooperación Económica de Asia Pacífico (APEC) 7aNegociaciones comerciales 4aAmérica LatinaxTratados comercialesxHistoria 4aAsiaxPolítica comercial 4aAsiaxTratados comercialeszAmérica Latina 4aColombiaxTratados comerciales1 aGarza Agudelo, María del Mar1 aJiménez Vivas, Jairo Alberto1 aPérez Restrepo, Camilo1 aRoldán Pérez, Adriana